header

Adaptive governance (Record no. 13368)

MARC details
000 -LEADER
fixed length control field 01553nam a2200397 a 4500
082 04 - DEWEY DECIMAL CLASSIFICATION NUMBER
Classification number 338.3/727
100 1# - MAIN ENTRY--AUTHOR NAME
Personal name Webster, D. G.,
245 10 - TITLE STATEMENT
Title Adaptive governance
260 ## - PUBLICATION, DISTRIBUTION, ETC. (IMPRINT)
Place of publication Cambridge, Mass. :
Name of publisher MIT Press,
Year of publication c2009.
300 ## - PHYSICAL DESCRIPTION
Number of Pages xviii, 391 p. :
Other physical details ill., map.
490 1# - SERIES STATEMENT
Series statement Global environmental accord
650 #0 - SUBJECT ADDED ENTRY--TOPICAL TERM
Topical Term Fishery management.
Topical Term Fishery policy.
Topical Term Intergovernmental cooperation.
856 40 - ELECTRONIC LOCATION AND ACCESS
Uniform Resource Identifier http://site.ebrary.com/lib/rucke/Doc?id=10256735

No items available.

© 2026 Rongo University
Contact us: librarian | system librarian | Rongo university